000 00610nam a2200181 i 4500
001 83814
003 ES-MaACL
005 20230906174910.0
007 t|
008 041118s1946 mx ||||1| spa d
100 1 _aJaeger, Werner.
_965896
245 1 0 _aAristóteles
_b: bases para la historia de su desarrollo intelectual /
_cWerner Jaeger ; versión española de José Gaos.
250 _a[1ª ed.].
260 _aMéxico :
_bFondo de Cultura Económica de México,
_c[1946] (
_fGráf. Panamericana)
300 _a556 p. ;
_c22 cm.
700 1 _aGaos, José.
_953902
852 _aES-MaACL
_jB-1585
_bR.28735
999 _c83814
_d83814